000
00322nam a2200133Ia 4500
005
20260326100044.0
008
260326s9999||||xx |||||||||||||| ||und||
100
_a
Kultermann, Udo
245
0
_a
La Arquitectura Contemporánea /
_c
Udo Kultermann
260
_b
Labor
300
_a
290 p.
650
_a
SIGLO XX
942
_c
BK
999
_c
7138
_d
7138